Catálogo monumental de España. (Record no. 18703)

MARC details
000 -LEADER
campo de control de longitud fija 00940nam a2200241 i 4500
001 - NÚMERO DE CONTROL
campo de control 18703
003 - IDENTIFICADOR DE NÚMERO DE CONTROL
campo de control ES-MaACL
005 - FECHA Y HORA DE LA ÚLTIMA TRANSACCIÓN
campo de control 20250911063527.0
007 - CAMPO FIJO DE DESCRIPCIÓN FÍSICA--INFORMACIÓN GENERAL
campo de control de longitud fija t|
008 - DATOS DE LONGITUD FIJA--INFORMACIÓN GENERAL
campo de control de longitud fija 020301s1934 sp f |||| | spa d
080 ## - NÚMERO DE LA CLASIFICACIÓN DECIMAL UNIVERSAL
Número de la Clasificación Decimal Universal 7(460.355)
100 1# - ENTRADA PRINCIPAL--NOMBRE DE PERSONA
Nombre de persona Romero de Torres, Enrique,
Fechas asociadas al nombre 1876-1956
9 (RLIN) 99381
245 10 - MENCIÓN DEL TÍTULO
Título Catálogo monumental de España.
Nombre de parte o sección de la obra Provincia de Cádiz (1908-1909) /
Mención de responsabilidad, etc. por Enrique Romero de Torres.
260 ## - PUBLICACIÓN, DISTRIBUCIÓN, ETC.
Lugar de publicación, distribución, etc. [Madrid] :
Nombre del editor, distribuidor, etc. Ministerio de Instrucción Pública y Bellas Artes,
Fecha de publicación, distribución, etc. 1934.
300 ## - DESCRIPCIÓN FÍSICA
Extensión 2 v. :
Otras características físicas lám. ;
Dimensiones 24 cm.
505 8# - NOTA DE CONTENIDO CON FORMATO
Nota de contenido con formato Contiene: [1]. Texto (VII, 595 p.) - [2]. Láminas (DLIX p. de lám., 23 p.)
650 #4 - PUNTO DE ACCESO ADICIONAL DE MATERIA--TÉRMINO DE MATERIA
Término de materia o nombre geográfico como elemento de entrada Patrimonio cultural-
Subdivisión geográfica Cádiz (Provincia)
9 (RLIN) 165869
650 #4 - PUNTO DE ACCESO ADICIONAL DE MATERIA--TÉRMINO DE MATERIA
Término de materia o nombre geográfico como elemento de entrada Monumentos-
Subdivisión geográfica Cádiz (Provincia)
9 (RLIN) 169681
710 1# - ENTRADA AGREGADA--NOMBRE DE ENTIDAD CORPORATIVA
Nombre de entidad corporativa o nombre de jurisdicción como elemento de entrada España.
Unidad subordinada Ministerio de Instrucción Pública y Bellas Artes
9 (RLIN) 226896
852 ## - LOCALIZACIÓN
Ubicación ES-MaACL
Número de control de estantería G-4672-73
852 ## - LOCALIZACIÓN
Ubicación ES-MaACL
Número de control de estantería P-201-9-10
Holdings
Estatus retirado Estado de pérdida Estado de daño No para préstamo Biblioteca de origen Biblioteca actual Ubicación en estantería Fecha de adquisición Fuente de adquisición Total de préstamos Signatura topográfica completa Código de barras Visto por última vez Precio de reemplazo Tipo de ítem Koha
        Biblioteca del Ateneo de Madrid Biblioteca del Ateneo de Madrid Depósito 2 02/01/2019     P-201-9-10 1199518 23/02/2023 23/02/2023 Libro impreso
        Biblioteca del Ateneo de Madrid Biblioteca del Ateneo de Madrid Depósito 2 17/01/2008     G-4672-73 1019138 23/02/2023 23/02/2023 Libro impreso